Germany True or False - Statistics

General Stats
  • This quiz has been taken 328 times
  • The average score is 12 of 15
Answer Stats
Question Answer % Correct
Adolf Hitler got killed by the British. False
100%
Oktoberfest is a wine festival. False
100%
Oktoberfest is held in Leipzig. False
100%
Aspirin is Bayer's most popular medication world wide. True
100%
The Beatles visited Hamburg and played music there. True
100%
Bonn was the capital of East Germany. False
92%
Lili Marleen is a soldier from the German Empire. False
92%
1990 was the year of reunification. True
85%
Volkswagen is Germany's best selling car brand. True
85%
Federal Republic of Germany is the official name for Germany. True
85%
Germany borders North Sea, Baltic Sea and English Channel. False
77%
BV Borussia Dortmund 09 has won the UEFA Champions League. True
62%
Kasier is German for emperor. False
31%
Chancellor is the Prime Minister False
31%
Brandenburg Gate was built in 1783 False
15%
No matching quizzes found
Score Distribution
Percent of People with Each Score
Percentile by Number Answered
Your Score History
You have not taken this quiz